000 00214nam a22000857a 4500
008 170208b xxu||||| |||| 00| 0 eng d
100 _92812
_aBharat Scouts
245 _aPratham Sopan Scout
260 _aNew delhi
_bBS
_c2011
999 _c6027
_d6027